Normal view
MARC view
- Goldman, James E
Entry Personal Name
001 - CONTROL NUMBER
- control field: 94488
003 - CONTROL NUMBER IDENTIFIER
- control field: NUST
005 - DATE AND TIME OF LATEST TRANSACTION
- control field: 20220721190137.0
008 - FIXED-LENGTH DATA ELEMENTS
- fixed length control field: 220721|| aca||aabn | a|a d
040 ## - CATALOGING SOURCE
- Original cataloging agency: NUST
- Transcribing agency: NUST
100 ## - HEADING--PERSONAL NAME
- Personal name: Goldman, James E
670 ## - SOURCE DATA FOUND
- Source citation: Work cat.: (NUST)193425: Goldman, James E., Applied data communications :, 2004.
